000
00343nam a2200145Ia 4500
008
230718s9999 xx 000 0 und d
041
_a
Eng.
082
_a
343.49
_b
BUT-T
100
_a
BUTT,Muhammad Ishfaq
245
0
_a
Telecommunication laws
260
_a
Pakistan
_b
civil publisher
_c
2009
300
_a
214
650
_a
Law
999
_c
30418
_d
30418